Central Library OPAC University of Rajshahi

Writing the executive report; (Record no. 76951)

MARC details
000 -LEADER
fixed length control field 01088nam a22003731 4500
001 - CONTROL NUMBER
control field 76951
003 - CONTROL NUMBER IDENTIFIER
rucl marc code BD-RjUL
005 - DATE AND TIME OF LATEST TRANSACTION
control field 20211209082916.0
008 - FIXED-LENGTH DATA ELEMENTS--GENERAL INFORMATION
fixed length control field 200208t19681966nyua 000 0 eng
035 ## - SYSTEM CONTROL NUMBER
System control number MITb10520902
System control number GLIS00520902
040 ## - CATALOGING SOURCE
Original cataloging agency DLC
Transcribing agency DLC
Modifying agency RCD
Language of cataloging eng
041 ## - LANGUAGE CODE
Language code of text/sound track or separate title eng
049 ## - LOCAL HOLDINGS (OCLC)
Holding library RCDA
090 ## - LOCALLY ASSIGNED LC-TYPE CALL NUMBER (OCLC); LOCAL CALL NUMBER (OCLC)
Classification number (OCLC) (R) ; Classification number, CALL (RLIN) (NR) PE1478
Local cutter number (OCLC) ; Book number/undivided call number, CALL (RLIN) .I71 1968
099 ## - LOCAL FREE-TEXT CALL NUMBER (OCLC)
Bangla Class number PE1478.I71 1968
100 1# - MAIN ENTRY--PERSONAL NAME
Personal name Ironman, Ralph,
Dates associated with a name 1925-
9 (RLIN) 239079
245 10 - TITLE STATEMENT
Title Writing the executive report;
Remainder of title a guide to report writing for those engaged in science, technology, and management.
260 ## - PUBLICATION, DISTRIBUTION, ETC. (IMPRINT)
Place of publication, distribution, etc. New York,
Name of publisher, distributor, etc. Funk & Wagnalls
Date of publication, distribution, etc. [1968, c1966]
300 ## - PHYSICAL DESCRIPTION
Pagination 145 p. :
Illustrations illus.;
Size 22 cm.
336 ## - CONTENT TYPE
Content type term text
Content type code txt
Source rdacontent
337 ## - MEDIA TYPE
Media type term unmediated
Media type code n
Source rdamedia
338 ## - CARRIER TYPE
Carrier type term volume
Carrier type code nc
Source rdacarrier
650 #0 - SUBJECT ADDED ENTRY--TOPICAL TERM
Topical term or geographic name as entry element Report writing.
9 (RLIN) 239080
910 ## - USER-OPTION DATA (OCLC)
User-option data OCLC 60
User-option data OCLC 60
User-option data MARCIVEAUT
942 ## - ADDED ENTRY ELEMENTS (KOHA)
Source of classification or shelving scheme Dewey Decimal Classification
Koha item type Books
949 ## - LOCAL PROCESSING INFORMATION (OCLC)
a MYGD
Holdings
Lost status Source of classification or shelving scheme Damaged status Not for loan Collection code Permanent Location Current Location Shelving location Date acquired Source of acquisition Cost, normal purchase price Total Checkouts Full call number Date last seen Copy number Koha item type
  Dewey Decimal Classification     Non-fiction Central Library, University of Rajshahi Central Library, University of Rajshahi   16/07/1973 Oxford University press 13.75   658.78 IRW 1966 09/02/2020 C-2 Books